000
00332nam a2200145Ia 4500
100
_a
Sloop/ J.G.
650
_a
Electrical Engineering
942
_c
BK
654
_a
T.V.
245
_a
Advanced colour T.V. Servicing
260
_b
D.B.Taraporevala & Sons
_a
Bombay
_c
1979
082
_a
621.38
300
_a
304
546
_a
ENGLISH
999
_c
24794
_d
24794